Normal view
MARC view
- فتح الله،مايسة
Entry Personal Name
001 - CONTROL NUMBER
- control field: 9766
003 - CONTROL NUMBER IDENTIFIER
- control field: JO-AjAnu
005 - DATE AND TIME OF LATEST TRANSACTION
- control field: 20230606071854.0
008 - FIXED-LENGTH DATA ELEMENTS
- fixed length control field: 230606|| aca||aabn | a|a d
040 ## - CATALOGING SOURCE
- Original cataloging agency: JO-AjAnu
- Transcribing agency: JO-AjAnu
100 ## - HEADING--PERSONAL NAME
- Personal name: فتح الله،مايسة
670 ## - SOURCE DATA FOUND
- Source citation: Work cat.: (JO-AjAnu)5035: فتح الله،مايسة, author, المخترعون الصغار تنمية مهارات علمية-صقل مواهب فنية-غرس افكار تكنولوجية